Cargando...

Tattva cintamani vivechanam : abhinava vyakhya anumana khandam

Detalles Bibliográficos
Autor Principal: Gangesa Upadhyaya
Formato: Printed Book
Publicado: Karnataka Sri Sankara Advaita Research Centre 2004
Subjects:
LEADER 00644nam a22001811a 4500
020 |c 0.00 
040 |a SSUS - Library - Kalady 
082 |a S 181.43  |b GAN/T 
100 |a Gangesa Upadhyaya 
245 |a Tattva cintamani vivechanam : abhinava vyakhya anumana khandam  |h [Text] 
260 |a Karnataka  |b Sri Sankara Advaita Research Centre  |c 2004 
300 |a 223p. 
600 |a Nyaya Philosophy  
600 |a Philosophy 
852 |h S 181.43  |i GAN/T  |p 067326  |9 140.00  |t 0 
942 |c BK 
999 |c 46132  |d 46132 
952 |0 0  |1 0  |4 0  |6 S_181_430000000000000_GAN_T  |7 0  |9 66677  |a SSUS  |b SSUS  |d 2015-01-08  |g 140.00  |o S 181.43 GAN/T  |p 067326  |r 2015-01-08  |v 0.00  |w 2015-01-08  |y BK